00487 2200181 4500245004700000020002200047250001100069100001900080700001600099700001800115650002100133005001900154260007600173041001400249084001000263300002300273336000900296 aNoken Kebanggan KamicMaharani AuliahText a978-602-437-876-2 aCet. 1 aMaharani Aulia aDoyan Bijac aWenny Oktavia aCerita Bergambar a20240926123625 aJakartabKementerian Pendidikan, Kebudayaan, Riset, dan Teknologic2019 aIndonesia a741.5 a22 hlm. :c29,7 cm atext